<?xml version="1.0" encoding="UTF-8"?><?xml-stylesheet type="text/xsl" href="static/style.xsl"?><OAI-PMH xmlns="http://www.openarchives.org/OAI/2.0/" xmlns:xsi="http://www.w3.org/2001/XMLSchema-instance" xsi:schemaLocation="http://www.openarchives.org/OAI/2.0/ http://www.openarchives.org/OAI/2.0/OAI-PMH.xsd"><responseDate>2026-04-17T13:54:56Z</responseDate><request verb="GetRecord" identifier="oai:www.recercat.cat:10459.1/72767" metadataPrefix="marc">https://recercat.cat/oai/request</request><GetRecord><record><header><identifier>oai:recercat.cat:10459.1/72767</identifier><datestamp>2024-12-05T22:39:06Z</datestamp><setSpec>com_2072_3622</setSpec><setSpec>col_2072_479130</setSpec></header><metadata><record xmlns="http://www.loc.gov/MARC21/slim" xmlns:dcterms="http://purl.org/dc/terms/" xmlns:xsi="http://www.w3.org/2001/XMLSchema-instance" xmlns:doc="http://www.lyncode.com/xoai" xsi:schemaLocation="http://www.loc.gov/MARC21/slim http://www.loc.gov/standards/marcxml/schema/MARC21slim.xsd">
   <leader>00925njm 22002777a 4500</leader>
   <datafield ind2=" " ind1=" " tag="042">
      <subfield code="a">dc</subfield>
   </datafield>
   <datafield ind2=" " ind1=" " tag="720">
      <subfield code="a">Valdivieso, Mercedes</subfield>
      <subfield code="e">author</subfield>
   </datafield>
   <datafield ind2=" " ind1=" " tag="260">
      <subfield code="c">2022-01-17T18:25:29Z</subfield>
   </datafield>
   <datafield ind2=" " ind1=" " tag="260">
      <subfield code="c">2022-01-17T18:25:29Z</subfield>
   </datafield>
   <datafield ind2=" " ind1=" " tag="260">
      <subfield code="c">2021-10-13</subfield>
   </datafield>
   <datafield ind2=" " ind1=" " tag="520">
      <subfield code="a">A través de dos casos de estudio, la Haus am Horn (Weimar, 1923) y la Casa del Director (Dessau, 1925), se analiza el papel de las mujeres de la Bauhaus en la concepción del espacio doméstico. Destacaron aquí tanto las estudiantes (Alma Buscher, Benita Otte), como las esposas de los maestros (Ise Gropius). Se prestó especial atención al diseño de la cocina, siguiendo las premisas de la ingeniería doméstica de racionalización del espacio (Weimar y Dessau), y del espacio infantil (Weimar), bajo los postulados de la pedagogía reformista.</subfield>
   </datafield>
   <datafield ind2=" " ind1=" " tag="520">
      <subfield code="a">In two case studies, the Haus am Horn (Weimar, 1923) and The Director’s House (Dessau, 1925), the active roles of women at the Bauhaus in the conception of domestic space are analyzed. Both the students (Alma Buscher, Benita Otte) and teachers' wives (Ise Gropius) stand out here. Special attention was paid to the design of the kitchen, following principles of domestic engineering like the rationalization of space (Weimar and Dessau), and of the children's space (Weimar), as informed by the postulates of reformist pedagogy.</subfield>
   </datafield>
   <datafield ind1="8" ind2=" " tag="024">
      <subfield code="a">http://hdl.handle.net/10459.1/72767</subfield>
   </datafield>
   <datafield tag="653" ind2=" " ind1=" ">
      <subfield code="a">Bauhaus</subfield>
   </datafield>
   <datafield tag="653" ind2=" " ind1=" ">
      <subfield code="a">Arquitectura</subfield>
   </datafield>
   <datafield tag="653" ind2=" " ind1=" ">
      <subfield code="a">Espacio doméstico</subfield>
   </datafield>
   <datafield tag="653" ind2=" " ind1=" ">
      <subfield code="a">Ingeniería doméstica</subfield>
   </datafield>
   <datafield tag="653" ind2=" " ind1=" ">
      <subfield code="a">Género</subfield>
   </datafield>
   <datafield ind2="0" ind1="0" tag="245">
      <subfield code="a">La innovación del espacio doméstico en la Bauhaus : el papel de las mujeres en el diseño de interiores</subfield>
   </datafield>
   <datafield ind2="0" ind1="0" tag="245">
      <subfield code="a">The innovation of domestic space at the Bauhaus: the role of women in interior design</subfield>
   </datafield>
</record></metadata></record></GetRecord></OAI-PMH>